Страны мира сегодня: Справочник

Библиографические подробности
Автор-организация: Информационное телеграфное агентство
Другие авторы: Овчаренко О. И. (редактор)
Язык:русский
Опубликовано: Москва, ИТАР ТАСС, 1967-
Формат: MixedMaterials Книга
Запись в KOHA:https://koha.lib.tpu.ru/cgi-bin/koha/opac-detail.pl?biblionumber=40008

MARC

LEADER 00000nam1a2200000 4500
001 40008
005 20231031012008.0
035 |a (RuTPU)RU\TPU\book\40921 
090 |a 40008 
100 |a 20020417d2002 m y0rusy50 ca 
101 0 |a rus 
102 |a RU 
200 1 |a Страны мира сегодня  |e Справочник  |f Информационное телеграфное агентство; Под ред. О. И. Овчаренко 
210 |a Москва  |c ИТАР ТАСС  |d 1967- 
686 |a Ф2(4)я2  |v LBC/SL-A  |2 rubbk 
686 |a У9(4)я2  |v LBC/SL-A  |2 rubbk 
702 1 |a Овчаренко  |b О. И.  |4 340 
712 0 2 |a Информационное телеграфное агентство 
801 1 |a RU  |b 63413507  |c 20020417  |g PSBO 
801 2 |a RU  |b 63413507  |c 20051129  |g PSBO 
942 |c BK